Capitals of North America - Statistics

General Stats
  • This quiz has been taken 191 times
    117 since last reset
  • The average score is 17 of 23
Answer Stats
Country Capital % Correct
Mexico Mexico City
98%
Canada Ottawa
93%
United States Washington D.C
93%
Panama Panama City
90%
Jamaica Kingston
88%
Saint Vincent and the Grenadines Kingstown
88%
Guatemala Guatemala City
85%
Cuba Havana
85%
Haiti Port-au-Prince
78%
Dominica Republic Santo Domingo
73%
El Salvador San Salvador
71%
Belize Belmopan
68%
Nicaragua Managua
68%
Costa Rica San Jose
68%
Bahamas Nassau
66%
Trinidad and Tobago Port of Spain
66%
Honduras Tegucigalpa
59%
Barbados Bridgetown
56%
Dominica Roseau
56%
Saint Lucia Castries
54%
Antigua and Brabuda Saint Johns
54%
Grenada Saint George's
51%
Saint Kitts and Nevis Basseterre
44%
No matching quizzes found
Score Distribution
Percent of People with Each Score
Percentile by Number Answered
Your Score History
You have not taken this quiz since the last reset